00569nam a22001577a 450000500170000001000150001702000260003203500140005808200130007224501160008526000800020127000510028130000330033270000230036571000230038820170823110047.0 aENG-119678 a9788185835705c600.00 aEN-103210 a306.0954 aIndian perspective of relations with south and central asia /cedited Rashpal Malhotra [and ] Sucha Singh Gill  aChandigarh bCentre for Research in Rural and Industrial Development c2017 aSector-19A, Madhya Marg, bChandigarh e160019 axxi, 321p.:c22cm.(Hb)bill. aMalhotra, Rashpal  aGill, Sucha Singh